Wings of Fire Queens - Statistics

General Stats
  • This quiz has been taken 82 times
  • The average score is 11 of 19
Answer Stats
Hint Answer % Correct
Rainwing/Nightwing Queen Glory
97%
Seawing Queen Coral
93%
Nightwing Queen Battlewinner
83%
Hivewing Queen Wasp
79%
Skywing Queen Scarlet
78%
Icewing Queen Glacier
76%
Icewing Queen Snowfall
72%
Skywing Queen Ruby
69%
Mudwing Queen Moorhen
60%
Sandwing Queen Thorn
60%
Rainwing Queen Magnificent
57%
Rainwing Queen Grandeur
47%
Leafwing Queen Sequoia
45%
Rainwing Queen Dazzling
41%
Rainwing Queen Fruit Bat
40%
Leafwing Queen Hazel
34%
Rainwing Queen Exquisite
26%
Hivewing Queen Jewel
24%
Rainwing Queen Splendor
21%
No matching quizzes found
Score Distribution
Percent of People with Each Score
Percentile by Number Answered
Your Score History
You have not taken this quiz